IATA codes of the world - Statistics

General Stats
  • This quiz has been taken 44 times
  • The average score is 65 of 160
Answer Stats
Hint Answer % Correct
Delhi DEL
82%
New York JFK
82%
Los Angeles LAX
82%
Sydney SYD
82%
Paris CDG
79%
Cape Town CPT
79%
Hong Kong HKG
76%
Lisbon LIS
76%
Oslo OSL
76%
Singapore SIN
76%
Austin AUS
73%
Istanbul IST
73%
Madrid MAD
73%
Manchester MAN
73%
Vienna VIE
73%
Bogotá BOG
70%
Brussels BRU
70%
Cairo CAI
70%
Frankfurt FRA
70%
Mexico City MEX
70%
Miami MIA
70%
Zurich ZRH
70%
Addis-Ababa ADD
67%
Amsterdam AMS
67%
Boston BOS
67%
Bern BRN
67%
Dublin DUB
67%
Lima LIM
67%
Prague PRG
67%
San Francisco SFO
67%
Tunis TUN
67%
Budapest BUD
64%
Copenhagen CPH
64%
Luxembourg LUX
64%
Melbourne MEL
64%
Philadelphia PHL
64%
Sofia SOF
64%
Zagerb ZAG
64%
Athens ATH
61%
Barcelona BCN
61%
Edinburgh EDI
61%
Helsinki HEL
61%
London LHR
61%
Seattle SEA
61%
Toronto YYZ
61%
Mumbai BOM
58%
Rome FCO
58%
Munich MUC
58%
Perth PER
58%
Beijing PEK
55%
Warsaw WAW
55%
Algiers ALG
52%
Stockholm ARN
52%
Caracas CCS
52%
Innsbruck INN
52%
Manilla MNL
52%
Milan MXP
52%
Turin TRN
52%
Glasgow GLA
48%
Kuala Lumpur KUL
48%
Lagos LOS
48%
Malta MLA
48%
Chicago ORD
48%
Taipei TPE
48%
Belgrade BEG
45%
Damascus DAM
45%
Dallas DFW
45%
Rio de Janeiro GIG
45%
Hanoi HAN
45%
Tokyo HND
45%
Reykjavik KEF
45%
Linz LNZ
45%
Riga RIX
45%
Varna VAR
45%
Montréal YUL
45%
Abidjan ABJ
42%
Auckland AKL
42%
Asunción ASU
42%
Johannesburg JNB
42%
Kraków KRK
42%
Moscow SVO
42%
Houston IAH
39%
Kabul KBL
39%
Orlando MCO
39%
Vancouver YVR
39%
Calgary YYC
39%
Adelaide ADL
36%
Birmingham BHX
36%
Brasilia BSB
36%
São Paulo GRU
36%
Kathmandu KTM
36%
Lyon LYS
36%
Skopje SKP
36%
Tallinn TLL
36%
Wrocław WRO
36%
Larnaca LCA
33%
St.Petersburg LED
33%
Rotterdam RTM
33%
Tbilisi TBS
33%
Beirut BEY
30%
Bergen BGO
30%
Brisbane BNE
30%
Jakarta CGK
30%
Kuwait KWI
30%
La Paz LAP
30%
Recife REC
30%
Riyadh RUH
30%
Wellington WLG
30%
Montevideo MVD
27%
Shanghai PVG
27%
Santiago SCL
27%
Vilnius VNO
27%
Belfast BFS
24%
Cluj-Napoca CLJ
24%
Washington DC DCA
24%
Karachi KHI
24%
Phnom Penh PNH
24%
Port Moresby POM
24%
Bratislava BTS
21%
Casablanca CMN
21%
Dhaka DAC
21%
Ankara ESB
21%
Kyiv IEV
21%
Rovaniemi RVN
21%
Sarajevo SJJ
21%
Ahmedabad AMD
18%
Iaşi IAS
18%
Košice KSC
18%
Rabat RBA
18%
Trondheim TRD
18%
Edmonton YEG
18%
Erevan EVN
15%
Halifax YHZ
15%
Dakar DSS
12%
Baku GYD
12%
Lahore LHE
12%
Chennai MAA
12%
Cold Coast OOL
12%
Varadero VRA
12%
Baghdad BGW
9%
Doha DIA
9%
Bishkek FRU
9%
Tehran IKA
9%
Islamabad ISB
9%
Akureyri AEY
6%
Bucharest BBU
6%
Kinshasa FIH
6%
Podgorica TGD
6%
Vientiane VTE
6%
Bandung BDO
3%
Berlin BML
3%
Brno BRQ
3%
Curitiba CWB
3%
Lviv LWO
3%
Pretoria PRY
3%
Timișoara TSR
3%
Ulaanbaatar UBN
3%
Constanța CND
0%
Dushanbe DYU
0%
Thimphu PBH
0%
No matching quizzes found
Score Distribution
Percent of People with Each Score
Percentile by Number Answered
Your Score History
You have not taken this quiz